| 000 | 00344nam a2200121Ia 4500 | ||
|---|---|---|---|
| 005 | 20251222154412.0 | ||
| 008 | 251222s9999||||xx |||||||||||||| ||spa|| | ||
| 020 | _a978-950-786-351-6 | ||
| 082 | _a808.027/N75 | ||
| 100 | _a"Nogueira, Sylvia, coor." | ||
| 245 | 0 | _aManual de lectura y escritura universitarias: Prácticas de taller | |
| 942 | _cLIB | ||
| 999 |
_c35705 _d35705 |
||